000 02119nam a22003617a 4500
001 104511
003 KnowledgeUnlatched
005 20210303104926.0
006 m o d
007 cr u||||||||||
008 210129p20182020xx o u00| u eng d
037 _5BiblioBoard
245 0 0 _aNazism and Neo-Nazism in Film and Media
_cJason Lee.
020 _a9789048528295
024 8 _ahttps://doi.org/10.5117/ 9789089649362
029 1 _ahttps://library.biblioboard.com/ext/api/media/e3432384-4775-468d-b7d8-9513c8391d19/assets/thumbnail.jpg
040 _aScCtBLL
_cScCtBLL
100 1 _aLee, Jason
_eauthor.
264 1 _bAmsterdam University Press,
300 _a1 online resource (1 p.)
506 0 _aAccess copy available to the general public.
_fUnrestricted
_2star
520 _aThis timely book takes an original transnational approach to the theme of Nazism and neo-Nazism in film, media, and popular culture, with examples drawn from mainland Europe, the UK, North and Latin America, Asia, and beyond. This approach fits with the established dominance of global multimedia formats, and will be useful for students, scholars, and researchers in all forms of film and media. Along with the essential need to examine current trends in Nazism and neo-Nazism in contemporary media globally, what makesthis book even more necessary is that it engages with debates that go to the very heart of our understanding of knowledge: history, memory, meaning, and truth.
588 0 _aDescription based on print version record.
590 _aKU Select 2019: HSS Backlist Books
650 7 _aSocial Science / Media Studies
_2bisacsh
650 0 _aSocial sciences
655 0 _aElectronic books.
758 _iIs found in:
_aKnowledge Unlatched
_1https://openresearchlibrary.org/module/2774bc74-146a-484f-a7ba-ab1d6a09bbfb
856 4 0 _uhttps://openresearchlibrary.org/content/e3432384-4775-468d-b7d8-9513c8391d19
_zView this content on Open Research Library.
_70
999 _c32981
_d32981